000 004890000a22001930004500
003 LK-CoMWRAF
005 20230904194153.0
008 230817t1997 ||||| |||| 00| 0 eng d
020 _a1558611681
040 _aLK-CoMWRAF
_dLK-CoMWRAF
_eLK-CoMWRAF
041 _aeng
082 _a823
_bLIM
100 _aLim, Shirley Geok-Lin
245 _aTwo dreams :
_bNew and selected stories
260 _aUSA :
_bFeminist press,
_c1997
300 _a219p
650 _aEnglish Fiction
942 _cBK
999 _c710
_d710